Ca dao người Việt : Ca dao tình yêu lứa đôi
Tập hợp các bài ca dao của người Việt nói về tình yêu lứa đôi
Đã lưu trong:
| 主要作者: | |
|---|---|
| 格式: | 圖書 |
| 語言: | Undetermined |
| 出版: |
Hà Nội
Khoa học - Xã hội
2015
|
| 主題: | |
| 標簽: |
添加標簽
沒有標簽, 成為第一個標記此記錄!
|
| Thư viện lưu trữ: | Trung tâm Học liệu Trường Đại học Cần Thơ |
|---|
| LEADER | 00787nam a2200205Ia 4500 | ||
|---|---|---|---|
| 001 | CTU_209791 | ||
| 008 | 210402s9999 xx 000 0 und d | ||
| 082 | |a 398.809597 | ||
| 082 | |b K312/Q.3 | ||
| 100 | |a Nguyễn, Xuân Kính | ||
| 245 | 0 | |a Ca dao người Việt : | |
| 245 | 0 | |b Ca dao tình yêu lứa đôi | |
| 245 | 0 | |c Nguyễn Xuân Kính (Chủ biên) ; Phan Lan Hương (Biên soạn) | |
| 260 | |a Hà Nội | ||
| 260 | |b Khoa học - Xã hội | ||
| 260 | |c 2015 | ||
| 520 | |a Tập hợp các bài ca dao của người Việt nói về tình yêu lứa đôi | ||
| 650 | |a Ca dao Việt Nam,Folk-song, Vietnamese | ||
| 904 | |i Trần Thị Yến Nhi,Hải | ||
| 980 | |a Trung tâm Học liệu Trường Đại học Cần Thơ | ||